000 01183nam0a22003131 4500
001 v19\rc\1704506
005 20250619031816.0
035 _a(NLR Aleph) 004805689
090 _a4875279
_c4875279
100 _a20061002d1902 |||y0rusy50 ca
101 0 _arus
102 _aRU
105 _ay z |||||
200 1 _aЗагробная жизнь
_eмысли о смерти, бессмертии и вечной жизни
_eразговоры двух друзей
_fсост. Е. Тихомиров
205 _aИзд. 2-е
210 _aМосква
_cтипография т-ва И.Д. Сытина
_d1902
215 _a452, IV с.
517 1 _aМысли о смерти, бессмертии и вечной жизни
_eразговоры двух друзей
_zrus
606 1 _aЗагробная жизнь
_xПравославная концепция
_92074149
_3RU\NLR\AUTH\661249126
686 1 _aЭ372.24-422.27
700 1 _aТихомиров
_bЕ. А.
_4220
801 0 _aRU
_bNLR
_gpsbo
801 0 _aRU
_bRuMoRGB
_2psbo
801 1 _aRU
_bProSoft-M
_2rusmarc
852 _aNLR
_j34.5.3.176
899 _aБАН
942 _cBOOK
980 _aNB